[Event "MP do lat 18 - dziewczeta"]
[Site "Sypniewo"]
[Date "2022.03.26"]
[Round "8.16"]
[White "Czerwinska, Oliwia"]
[Black "Matyjasek, Michalina"]
[Result "0-1"]
[BlackElo "1435"]
[WhiteElo "1428"]
[LiveChessVersion "1.4.8"]

1. e4 {[%clk 1:30:57]} c5 {[%clk 1:30:57]} 2. Nf3 {[%clk 1:31:22]} g6
{[%clk 1:31:23]} 3. c3 {[%clk 1:31:38]} Bg7 {[%clk 1:31:49]} 4. d4
{[%clk 1:32:00]} cxd4 {[%clk 1:32:16]} 5. cxd4 {[%clk 1:32:23]} d5
{[%clk 1:32:41]} 6. e5 {[%clk 1:32:36]} Nh6 {[%clk 1:32:31]} 7. Be3
{[%clk 1:32:12]} O-O {[%clk 1:30:10]} 8. Qd2 {[%clk 1:30:47]} Nf5
{[%clk 1:27:28]} 9. Bd3 {[%clk 1:28:22]} Nxe3 {[%clk 1:21:44]} 10. fxe3
{[%clk 1:28:44]} Nc6 {[%clk 1:18:16]} 11. O-O {[%clk 1:28:32]} Bh6
{[%clk 1:13:07]} 12. Nc3 {[%clk 1:26:01]} Bg4 {[%clk 1:09:59]} 13. Be2
{[%clk 1:25:00]} f6 {[%clk 1:01:09]} 14. exf6 {[%clk 1:19:31]} exf6
{[%clk 0:59:35]} 15. Ne1 {[%clk 1:13:16]} Re8 {[%clk 0:50:42]} 16. Nc2
{[%clk 1:11:55]} Bf5 {[%clk 0:45:15]} 17. Bf3 {[%clk 0:48:56]} Nb4
{[%clk 0:39:26]} 18. Bxd5+ {[%clk 0:20:04]} Nxd5 {[%clk 0:39:19]} 19. Nxd5
{[%clk 0:19:29]} Qxd5 {[%clk 0:39:10]} 20. Kh1 {[%clk 0:18:39]} Rac8
{[%clk 0:34:35]} 21. Ne1 {[%clk 0:15:43]} Bxe3 {[%clk 0:33:16]} 22. Qd1
{[%clk 0:15:41]} Qxd4 {[%clk 0:32:48]} 23. Nf3 {[%clk 0:15:21]} Qxd1
{[%clk 0:31:41]} 24. Raxd1 {[%clk 0:15:29]} Kg7 {[%clk 0:30:04]} 25. Nh4
{[%clk 0:14:49]} Bg4 {[%clk 0:27:04]} 26. Rde1 {[%clk 0:14:32]} Bf2
{[%clk 0:24:14]} 27. Rxe8 {[%clk 0:14:16]} Rxe8 {[%clk 0:24:41]} 28. Nf3
{[%clk 0:14:06]} Re2 {[%clk 0:25:03]} 29. h3 {[%clk 0:13:58]} Bxf3
{[%clk 0:24:44]} 30. gxf3 {[%clk 0:14:21]} Rxb2 0-1

[Event "MP do lat 18 - dziewczeta"]
[Site "Sypniewo"]
[Date "2022.03.26"]
[Round "8.17"]
[White "Kukula, Klara"]
[Black "Pawlak, Emilia"]
[Result "0-1"]
[BlackElo "1402"]
[WhiteElo "1464"]
[LiveChessVersion "1.4.8"]

1. c4 {[%clk 1:30:59]} e5 {[%clk 1:30:51]} 2. Nc3 {[%clk 1:31:22]} Bb4
{[%clk 1:31:17]} 3. a3 {[%clk 1:31:24]} Bxc3 {[%clk 1:31:27]} 4. bxc3
{[%clk 1:31:47]} d6 {[%clk 1:30:56]} 5. g3 {[%clk 1:31:52]} f5 {[%clk 1:30:16]}
6. Bg2 {[%clk 1:32:12]} Nf6 {[%clk 1:30:02]} 7. d3 {[%clk 1:32:17]} O-O
{[%clk 1:28:37]} 8. f3 {[%clk 1:10:32]} c6 {[%clk 1:24:13]} 9. e4
{[%clk 1:05:16]} fxe4 {[%clk 1:22:27]} 10. fxe4 {[%clk 1:04:57]} Qb6
{[%clk 1:14:00]} 11. Qc2 {[%clk 1:01:07]} Ng4 {[%clk 1:00:23]} 12. Nf3
{[%clk 0:58:52]} Nd7 {[%clk 0:56:52]} 13. Rb1 {[%clk 0:55:32]} Ne3
{[%clk 0:54:16]} 14. Bxe3 {[%clk 0:55:39]} Qxe3+ {[%clk 0:54:41]} 15. Qe2
{[%clk 0:55:49]} Qc5 {[%clk 0:53:23]} 16. Rb3 {[%clk 0:50:04]} Nf6
{[%clk 0:48:59]} 17. Qf2 {[%clk 0:48:32]} Qa5 {[%clk 0:46:56]} 18. O-O
{[%clk 0:47:14]} Ng4 {[%clk 0:42:29]} 19. Qe2 {[%clk 0:44:30]} Rb8
{[%clk 0:31:43]} 20. h3 {[%clk 0:32:01]} Nf6 {[%clk 0:31:42]} 21. d4
{[%clk 0:23:14]} Re8 {[%clk 0:28:56]} 22. Nd2 {[%clk 0:18:24]} Qc7
{[%clk 0:25:57]} 23. Re1 {[%clk 0:12:51]} Qf7 {[%clk 0:22:45]} 24. Qe3
{[%clk 0:07:25]} Qg6 {[%clk 0:14:09]} 25. d5 {[%clk 0:03:23]} c5 {[%clk 0:11:23]}
26. Rf1 {[%clk 0:02:13]} b6 {[%clk 0:11:04]} 27. Rbb1 {[%clk 0:02:15]} Bd7
{[%clk 0:10:29]} 28. g4 {[%clk 0:00:44]} h6 {[%clk 0:10:09]} 29. Rfe1
{[%clk 0:00:43]} Nh7 {[%clk 0:09:33]} 30. Rf1 {[%clk 0:00:43]} h5
{[%clk 0:08:47]} 31. gxh5 {[%clk 0:00:50]} Qxh5 {[%clk 0:08:53]} 32. Qf3
{[%clk 0:00:38]} Qg6 {[%clk 0:08:32]} 33. Kh2 {[%clk 0:00:38]} Nf6
{[%clk 0:08:19]} 34. Qg3 {[%clk 0:00:34]} Qh6 {[%clk 0:07:36]} 35. Rf2
{[%clk 0:00:38]} Ng4+ {[%clk 0:07:51]} 0-1

[Event "MP do lat 18 - dziewczeta"]
[Site "Sypniewo"]
[Date "2022.03.26"]
[Round "8.18"]
[White "Bychowska, Marta"]
[Black "Kieca, Aleksandra"]
[Result "0-1"]
[BlackElo "1696"]
[WhiteElo "1374"]
[LiveChessVersion "1.4.8"]

1. e4 {[%clk 1:30:58]} c5 {[%clk 1:30:55]} 2. Nf3 {[%clk 1:31:23]} e6
{[%clk 1:31:21]} 3. d4 {[%clk 1:31:49]} cxd4 {[%clk 1:31:47]} 4. Nxd4
{[%clk 1:32:14]} a6 {[%clk 1:32:11]} 5. Nc3 {[%clk 1:32:36]} b5 {[%clk 1:32:33]}
6. a3 {[%clk 1:32:44]} Bb7 {[%clk 1:32:57]} 7. Bd3 {[%clk 1:32:47]} Qb6
{[%clk 1:32:58]} 8. Be3 {[%clk 1:32:57]} Bc5 {[%clk 1:32:52]} 9. Be2
{[%clk 1:29:59]} Nc6 {[%clk 1:31:16]} 10. Ndxb5 {[%clk 1:23:28]} axb5
{[%clk 1:31:10]} 11. Bxc5 {[%clk 1:23:47]} Qxc5 {[%clk 1:31:32]} 12. Nxb5
{[%clk 1:23:41]} Rb8 {[%clk 1:27:05]} 13. Nd6+ {[%clk 1:20:44]} Ke7
{[%clk 1:25:43]} 14. Nxb7 {[%clk 1:18:30]} Rxb7 {[%clk 1:26:02]} 15. Rb1
{[%clk 1:17:00]} Nf6 {[%clk 1:25:31]} 16. Bd3 {[%clk 1:16:59]} Qe5
{[%clk 1:20:19]} 17. c3 {[%clk 1:14:25]} Nxe4 {[%clk 1:14:39]} 18. O-O
{[%clk 1:14:30]} Nc5 {[%clk 1:13:59]} 19. Bc2 {[%clk 1:08:37]} d6
{[%clk 1:01:56]} 20. Qf3 {[%clk 1:03:52]} Rb6 {[%clk 1:01:20]} 21. b4
{[%clk 1:03:10]} Nd7 {[%clk 1:01:34]} 22. a4 {[%clk 0:58:47]} Qf6
{[%clk 1:00:30]} 23. Qe3 {[%clk 0:54:44]} Nce5 {[%clk 0:57:30]} 24. Bb3
{[%clk 0:48:10]} Rc8 {[%clk 0:51:58]} 25. Rfc1 {[%clk 0:44:25]} Nc4
{[%clk 0:36:55]} 26. Bxc4 {[%clk 0:39:22]} Rxc4 {[%clk 0:37:16]} 27. a5
{[%clk 0:38:49]} Ra6 {[%clk 0:35:27]} 28. Qd3 {[%clk 0:38:41]} d5
{[%clk 0:34:27]} 29. Ra1 {[%clk 0:27:41]} Qf4 {[%clk 0:29:50]} 30. Qxh7
{[%clk 0:23:52]} g6 {[%clk 0:28:16]} 31. Qh3 {[%clk 0:21:30]} Ne5
{[%clk 0:22:46]} 32. Rc2 {[%clk 0:03:14]} Qe4 {[%clk 0:16:39]} 0-1

[Event "MP do lat 18 - dziewczeta"]
[Site "Sypniewo"]
[Date "2022.03.26"]
[Round "8.19"]
[White "Wojtas, Julia"]
[Black "Szewczyk, Malwina"]
[Result "1/2-1/2"]
[BlackElo "1433"]
[WhiteElo "1560"]
[LiveChessVersion "1.4.8"]

1. e4 {[%clk 1:30:55]} c5 {[%clk 1:30:19]} 2. Nf3 {[%clk 1:31:19]} g6
{[%clk 1:30:39]} 3. d4 {[%clk 1:31:34]} cxd4 {[%clk 1:31:02]} 4. Nxd4
{[%clk 1:31:56]} Nc6 {[%clk 1:31:26]} 5. c4 {[%clk 1:32:12]} Nf6 {[%clk 1:31:46]}
6. Nc3 {[%clk 1:32:28]} d6 {[%clk 1:32:11]} 7. Be2 {[%clk 1:32:20]} Nxd4
{[%clk 1:32:34]} 8. Qxd4 {[%clk 1:32:34]} Bg7 {[%clk 1:32:52]} 9. Qd1
{[%clk 1:32:24]} O-O {[%clk 1:32:26]} 10. Be3 {[%clk 1:32:10]} Be6
{[%clk 1:32:31]} 11. Rc1 {[%clk 1:31:37]} a6 {[%clk 1:31:58]} 12. O-O
{[%clk 1:30:26]} Qa5 {[%clk 1:27:46]} 13. f3 {[%clk 1:27:20]} Rac8
{[%clk 1:27:37]} 14. Nd5 {[%clk 1:16:41]} Nxd5 {[%clk 1:27:28]} 15. cxd5
{[%clk 1:16:16]} Bd7 {[%clk 1:27:22]} 16. Qb3 {[%clk 1:11:02]} b5
{[%clk 1:26:15]} 17. Kh1 {[%clk 1:09:55]} e6 {[%clk 1:24:07]} 18. Rfd1
{[%clk 1:03:47]} exd5 {[%clk 1:21:41]} 19. exd5 {[%clk 1:02:00]} Rxc1
{[%clk 1:20:57]} 20. Bxc1 {[%clk 1:00:30]} Re8 {[%clk 1:21:14]} 21. Bd2
{[%clk 0:58:36]} Qb6 {[%clk 1:21:23]} 22. Bd3 {[%clk 0:56:57]} Qf2
{[%clk 1:21:03]} 23. Qb4 {[%clk 0:40:17]} Bd4 {[%clk 1:17:50]} 24. Rf1
{[%clk 0:36:03]} Qh4 {[%clk 1:13:27]} 25. Bc3 {[%clk 0:33:39]} Bf6
{[%clk 1:13:00]} 26. Qxh4 {[%clk 0:31:50]} Bxh4 {[%clk 1:13:20]} 27. Bb4
{[%clk 0:31:41]} Re5 {[%clk 1:12:16]} 28. Be4 {[%clk 0:28:14]} Be7
{[%clk 1:12:29]} 29. Re1 {[%clk 0:23:49]} Bf8 {[%clk 1:09:40]} 30. Kg1
{[%clk 0:18:41]} f5 {[%clk 1:08:29]} 1/2-1/2

[Event "MP do lat 18 - dziewczeta"]
[Site "Sypniewo"]
[Date "2022.03.27"]
[Round "9.1"]
[White "Zarebska, Lena"]
[Black "Wikar, Martyna"]
[Result "0-1"]
[BlackElo "2160"]
[WhiteElo "1809"]
[LiveChessVersion "1.4.8"]

1. e4 {[%clk 1:30:53]} c5 {[%clk 1:30:56]} 2. Nf3 {[%clk 1:31:00]} Nc6
{[%clk 1:31:22]} 3. d4 {[%clk 1:31:17]} cxd4 {[%clk 1:31:48]} 4. Nxd4
{[%clk 1:31:38]} e5 {[%clk 1:32:14]} 5. Nb3 {[%clk 1:31:39]} Nf6 {[%clk 1:31:47]}
6. Bg5 {[%clk 1:32:02]} h6 {[%clk 1:31:10]} 7. Bxf6 {[%clk 1:32:05]} Qxf6
{[%clk 1:31:07]} 8. Bc4 {[%clk 1:32:08]} Bb4+ {[%clk 1:30:09]} 9. N1d2
{[%clk 1:31:51]} O-O {[%clk 1:28:04]} 10. Qe2 {[%clk 1:29:53]} Qg6
{[%clk 1:23:31]} 11. c3 {[%clk 1:29:04]} Be7 {[%clk 1:22:49]} 12. O-O
{[%clk 1:21:48]} d6 {[%clk 1:21:57]} 13. Kh1 {[%clk 1:20:50]} Bg4
{[%clk 1:18:52]} 14. f3 {[%clk 1:16:42]} Be6 {[%clk 1:18:47]} 15. Rfd1
{[%clk 1:15:48]} Rad8 {[%clk 1:15:40]} 16. Bd5 {[%clk 1:07:24]} Bxd5
{[%clk 1:02:18]} 17. exd5 {[%clk 1:07:50]} Nb8 {[%clk 1:02:43]} 18. Na5
{[%clk 1:06:47]} b6 {[%clk 1:02:21]} 19. Nac4 {[%clk 1:06:14]} f5
{[%clk 1:01:38]} 20. a4 {[%clk 1:00:28]} Qh5 {[%clk 0:55:57]} 21. Nf1
{[%clk 0:45:05]} Nd7 {[%clk 0:54:04]} 22. Ng3 {[%clk 0:42:07]} Qg6
{[%clk 0:50:37]} 23. b4 {[%clk 0:37:38]} Bh4 {[%clk 0:46:58]} 24. Nf1
{[%clk 0:37:58]} Rde8 {[%clk 0:44:51]} 25. Ncd2 {[%clk 0:36:21]} Nf6
{[%clk 0:37:05]} 26. Ne3 {[%clk 0:19:28]} Nh5 {[%clk 0:33:59]} 27. Ndf1
{[%clk 0:18:28]} e4 {[%clk 0:31:06]} 28. g3 {[%clk 0:15:54]} Bf6 {[%clk 0:25:47]}
29. f4 {[%clk 0:15:46]} Bxc3 {[%clk 0:24:37]} 30. Rab1 {[%clk 0:16:10]} Rc8
{[%clk 0:23:13]} 31. Qa6 {[%clk 0:13:24]} Qf7 {[%clk 0:18:58]} 32. Nc4
{[%clk 0:11:59]} e3 {[%clk 0:10:04]} 33. Nfxe3 {[%clk 0:06:53]} Qe7
{[%clk 0:09:52]} 34. Ng2 {[%clk 0:06:32]} Qe2 {[%clk 0:08:33]} 35. Nge3
{[%clk 0:06:43]} Rce8 {[%clk 0:07:05]} 36. Qxa7 {[%clk 0:03:44]} Rxe3
{[%clk 0:07:13]} 37. Nxe3 {[%clk 0:04:00]} Qxe3 {[%clk 0:07:37]} 38. Kg2
{[%clk 0:03:47]} Qe4+ {[%clk 0:07:13]} 39. Kh3 {[%clk 0:03:52]} Nxf4+
{[%clk 0:07:21]} 40. gxf4 {[%clk 0:34:17]} Qf3+ {[%clk 0:37:46]} 41. Kh4
{[%clk 0:34:43]} Bf6# {[%clk 0:38:07]} 0-1

[Event "MP do lat 18 - dziewczeta"]
[Site "Sypniewo"]
[Date "2022.03.27"]
[Round "9.2"]
[White "Marcinczyk, Monika"]
[Black "Kroliczek, Gabriela"]
[Result "1-0"]
[BlackElo "1823"]
[WhiteElo "1865"]
[LiveChessVersion "1.4.8"]

1. e4 {[%clk 1:30:57]} e6 {[%clk 1:30:57]} 2. d4 {[%clk 1:31:20]} d5
{[%clk 1:31:24]} 3. Nc3 {[%clk 1:31:42]} Nf6 {[%clk 1:31:51]} 4. Bg5
{[%clk 1:31:57]} dxe4 {[%clk 1:32:11]} 5. Nxe4 {[%clk 1:32:18]} Be7
{[%clk 1:32:38]} 6. Bxf6 {[%clk 1:32:12]} gxf6 {[%clk 1:33:00]} 7. Qd2
{[%clk 1:23:42]} a6 {[%clk 1:33:09]} 8. O-O-O {[%clk 1:20:52]} b5
{[%clk 1:30:41]} 9. Kb1 {[%clk 1:15:28]} Bb7 {[%clk 1:30:34]} 10. Nc3
{[%clk 1:11:04]} b4 {[%clk 1:29:09]} 11. Nce2 {[%clk 1:07:16]} Qd5
{[%clk 1:23:44]} 12. Nf3 {[%clk 0:59:15]} Nd7 {[%clk 1:21:37]} 13. Nf4
{[%clk 0:56:22]} Qa5 {[%clk 1:20:30]} 14. Bc4 {[%clk 0:48:11]} O-O-O
{[%clk 1:16:53]} 15. Bb3 {[%clk 0:42:29]} Kb8 {[%clk 0:51:06]} 16. Qe3
{[%clk 0:34:22]} Bd6 {[%clk 0:47:58]} 17. Rhe1 {[%clk 0:25:52]} Rhg8
{[%clk 0:43:23]} 18. g3 {[%clk 0:25:40]} Nb6 {[%clk 0:39:14]} 19. Nd2
{[%clk 0:24:03]} Qb5 {[%clk 0:36:55]} 20. Ne2 {[%clk 0:20:44]} a5
{[%clk 0:35:41]} 21. c4 {[%clk 0:20:45]} bxc3 {[%clk 0:35:37]} 22. Nxc3
{[%clk 0:21:01]} Qh5 {[%clk 0:33:05]} 23. Nde4 {[%clk 0:20:01]} Be7
{[%clk 0:25:34]} 24. Nc5 {[%clk 0:17:53]} Bxc5 {[%clk 0:22:41]} 25. dxc5
{[%clk 0:18:19]} Nd7 {[%clk 0:22:50]} 26. Na4 {[%clk 0:15:41]} Ne5
{[%clk 0:19:14]} 27. f4 {[%clk 0:12:25]} Nc6 {[%clk 0:18:40]} 28. Re2
{[%clk 0:09:28]} e5 {[%clk 0:12:37]} 29. Red2 {[%clk 0:08:31]} Rxd2
{[%clk 0:11:07]} 30. Rxd2 {[%clk 0:08:52]} Nd4 {[%clk 0:10:41]} 31. Bc4
{[%clk 0:04:16]} Qf3 {[%clk 0:07:53]} 32. Qxf3 {[%clk 0:03:50]} Nxf3
{[%clk 0:08:19]} 33. Rf2 {[%clk 0:03:11]} exf4 {[%clk 0:08:10]} 34. gxf4
{[%clk 0:03:26]} Rg1+ {[%clk 0:07:53]} 35. Kc2 {[%clk 0:03:44]} Be4+
{[%clk 0:08:20]} 36. Kb3 {[%clk 0:03:06]} Rh1 {[%clk 0:01:37]} 37. Nc3
{[%clk 0:03:02]} Nd4+ {[%clk 0:01:49]} 38. Ka4 {[%clk 0:02:56]} Bc2+
{[%clk 0:00:56]} 39. Kxa5 {[%clk 0:02:49]} f5 {[%clk 0:01:00]} 40. Bd5
{[%clk 0:31:29]} Re1 {[%clk 0:30:48]} 41. Rd2 {[%clk 0:30:38]} c6
{[%clk 0:30:08]} 42. Bc4 {[%clk 0:26:59]} Rh1 {[%clk 0:26:55]} 43. Rxd4
{[%clk 0:25:24]} Kc7 {[%clk 0:25:02]} 44. Rd2 {[%clk 0:23:42]} Be4
{[%clk 0:25:26]} 45. Bxf7 {[%clk 0:23:45]} Rf1 {[%clk 0:24:51]} 46. Be6
{[%clk 0:24:04]} Rxf4 {[%clk 0:25:00]} 47. Rd7+ {[%clk 0:24:04]} Kc8
{[%clk 0:25:26]} 48. Kb6 {[%clk 0:24:19]} Bd5 {[%clk 0:25:36]} 49. Rxd5+
{[%clk 0:24:40]} Kb8 {[%clk 0:26:04]} 50. Rd8# {[%clk 0:25:03]} 1-0

[Event "MP do lat 18 - dziewczeta"]
[Site "Sypniewo"]
[Date "2022.03.27"]
[Round "9.3"]
[White "Nowak, Roksana"]
[Black "Goraj, Barbara"]
[Result "1/2-1/2"]
[BlackElo "2078"]
[WhiteElo "1669"]
[LiveChessVersion "1.4.8"]

1. e4 {[%clk 1:30:58]} c5 {[%clk 1:30:51]} 2. Nf3 {[%clk 1:31:23]} d6
{[%clk 1:31:12]} 3. d4 {[%clk 1:31:48]} cxd4 {[%clk 1:31:33]} 4. Nxd4
{[%clk 1:32:13]} Nf6 {[%clk 1:31:51]} 5. Nc3 {[%clk 1:32:37]} Nc6
{[%clk 1:31:53]} 6. Bg5 {[%clk 1:32:07]} e6 {[%clk 1:32:13]} 7. Qd3
{[%clk 1:32:19]} Be7 {[%clk 1:31:34]} 8. f4 {[%clk 1:26:26]} O-O {[%clk 1:28:25]}
9. Nxc6 {[%clk 1:24:52]} bxc6 {[%clk 1:28:32]} 10. O-O-O {[%clk 1:24:43]} Qa5
{[%clk 1:21:01]} 11. Be2 {[%clk 1:20:46]} Rb8 {[%clk 1:19:22]} 12. Qg3
{[%clk 1:18:25]} Qb4 {[%clk 1:07:06]} 13. b3 {[%clk 0:56:17]} d5 {[%clk 0:56:26]}
14. e5 {[%clk 0:49:07]} Ne8 {[%clk 0:54:55]} 15. Bxe7 {[%clk 0:48:07]} Qxe7
{[%clk 0:55:17]} 16. Bd3 {[%clk 0:43:09]} Qa3+ {[%clk 0:50:57]} 17. Kd2
{[%clk 0:36:13]} Qb4 18. Ke2 f5 {[%clk 0:39:34]} 19. Nb1 {[%clk 0:36:05]} Qa5
{[%clk 0:36:34]} 20. a3 {[%clk 0:33:02]} c5 {[%clk 0:33:41]} 21. Qe1
{[%clk 0:29:12]} Qb6 {[%clk 0:30:54]} 22. Qg3 {[%clk 0:28:07]} Nc7
{[%clk 0:25:40]} 23. Rhe1 {[%clk 0:26:26]} Qc6 24. Qf3 {[%clk 0:26:26]} Bb7
{[%clk 0:24:12]} 25. Kf1 {[%clk 0:25:23]} a5 {[%clk 0:22:57]} 26. Nc3
{[%clk 0:22:38]} Qe8 {[%clk 0:20:07]} 27. Qg3 {[%clk 0:21:39]} d4
{[%clk 0:18:02]} 28. Na4 {[%clk 0:20:14]} Qc6 {[%clk 0:09:45]} 29. Nb2
{[%clk 0:17:30]} Nd5 {[%clk 0:09:07]} 30. Nc4 {[%clk 0:17:30]} a4
{[%clk 0:05:56]} 31. Na5 {[%clk 0:11:52]} Qe8 {[%clk 0:06:21]} 32. Nxb7
{[%clk 0:10:22]} Rxb7 {[%clk 0:06:37]} 33. Bc4 {[%clk 0:10:22]} Nc3 34. Rd3
{[%clk 0:09:38]} axb3 {[%clk 0:05:21]} 35. cxb3 {[%clk 0:09:38]} Ne4
{[%clk 0:03:37]} 36. Qf3 {[%clk 0:09:18]} h5 37. h4 g6 {[%clk 0:02:49]} 38. Rc1
{[%clk 0:04:59]} Qe7 {[%clk 0:02:23]} 39. g3 {[%clk 0:05:05]} Ra8
{[%clk 0:01:50]} 40. a4 {[%clk 0:34:06]} Kf7 {[%clk 0:31:23]} 41. Qg2
{[%clk 0:20:55]} Rb4 {[%clk 0:29:03]} 42. Ke1 {[%clk 0:16:56]} Qb7
{[%clk 0:25:43]} 43. Rc2 {[%clk 0:13:08]} Qb6 {[%clk 0:22:05]} 44. Rc1
{[%clk 0:12:13]} Ra7 {[%clk 0:19:53]} 45. Qf3 {[%clk 0:10:23]} Qa5
{[%clk 0:19:10]} 46. Kd1 {[%clk 0:09:17]} Qb6 {[%clk 0:17:21]} 47. Ke1
{[%clk 0:09:34]} 1/2-1/2

[Event "MP do lat 18 - dziewczeta"]
[Site "Sypniewo"]
[Date "2022.03.27"]
[Round "9.4"]
[White "Pisarek, Elzbieta"]
[Black "Dylag, Emilia"]
[Result "1-0"]
[BlackElo "2003"]
[WhiteElo "1704"]
[LiveChessVersion "1.4.8"]

1. e4 {[%clk 1:30:58]} e5 {[%clk 1:30:52]} 2. Nf3 {[%clk 1:30:43]} Nc6
{[%clk 1:31:17]} 3. Bc4 {[%clk 1:30:07]} Nf6 {[%clk 1:31:22]} 4. d4
{[%clk 1:27:23]} exd4 {[%clk 1:31:40]} 5. e5 {[%clk 1:27:34]} d5 {[%clk 1:32:04]}
6. Bb5 {[%clk 1:27:30]} Ne4 {[%clk 1:32:27]} 7. Nxd4 {[%clk 1:27:34]} Bd7
{[%clk 1:32:27]} 8. Bxc6 {[%clk 1:26:56]} bxc6 {[%clk 1:32:45]} 9. O-O
{[%clk 1:26:46]} Bc5 {[%clk 1:32:35]} 10. Be3 {[%clk 1:27:01]} O-O
{[%clk 1:31:17]} 11. f3 {[%clk 1:26:22]} Ng5 {[%clk 1:31:40]} 12. f4
{[%clk 1:26:24]} Ne4 {[%clk 1:32:03]} 13. Nd2 {[%clk 1:25:08]} Nxd2
{[%clk 1:31:46]} 14. Qxd2 {[%clk 1:25:27]} Bb6 {[%clk 1:32:03]} 15. Nb3
{[%clk 1:22:38]} Bf5 {[%clk 1:15:00]} 16. c3 {[%clk 1:16:25]} a5 {[%clk 1:09:53]}
17. a4 {[%clk 1:15:06]} Rb8 {[%clk 1:05:34]} 18. Bc5 {[%clk 0:58:06]} Re8
{[%clk 1:03:14]} 19. Rae1 {[%clk 0:50:49]} Qe7 {[%clk 0:59:34]} 20. Qf2
{[%clk 0:46:50]} Qe6 {[%clk 0:57:57]} 21. Re3 {[%clk 0:41:47]} Qc8
{[%clk 0:54:14]} 22. h3 {[%clk 0:37:04]} Qa6 {[%clk 0:49:53]} 23. g4
{[%clk 0:29:10]} Bd3 {[%clk 0:45:59]} 24. Rfe1 {[%clk 0:27:52]} Bc4
{[%clk 0:34:10]} 25. Bxb6 {[%clk 0:25:27]} Qxb6 {[%clk 0:33:08]} 26. Nd4
{[%clk 0:23:58]} c5 {[%clk 0:32:27]} 27. Nf5 {[%clk 0:22:56]} Qe6
{[%clk 0:18:25]} 28. Qh4 {[%clk 0:19:36]} h6 {[%clk 0:17:47]} 29. Nxg7
{[%clk 0:16:36]} Qe7 {[%clk 0:11:27]} 30. Qxh6 {[%clk 0:15:00]} Qf8
{[%clk 0:09:18]} 31. Nf5 {[%clk 0:14:56]} Qxh6 {[%clk 0:08:57]} 32. Nxh6+
{[%clk 0:15:21]} Kg7 {[%clk 0:09:21]} 33. Nf5+ {[%clk 0:15:13]} Kg8
{[%clk 0:09:45]} 34. e6 {[%clk 0:11:32]} fxe6 {[%clk 0:09:39]} 35. Rxe6
{[%clk 0:11:56]} Rxe6 {[%clk 0:08:55]} 36. Rxe6 {[%clk 0:12:21]} Rxb2
{[%clk 0:08:35]} 37. Re8+ {[%clk 0:09:51]} Kf7 {[%clk 0:08:30]} 38. Re7+
{[%clk 0:10:17]} Kf6 {[%clk 0:08:28]} 39. Rxc7 {[%clk 0:10:35]} Ra2
{[%clk 0:07:49]} 40. Rxc5 {[%clk 0:40:39]} Rxa4 {[%clk 0:38:13]} 41. Rc6+
{[%clk 0:26:49]} Kf7 {[%clk 0:38:38]} 42. g5 {[%clk 0:25:52]} Bd3
{[%clk 0:37:21]} 43. g6+ {[%clk 0:24:53]} 1-0

[Event "MP do lat 18 - dziewczeta"]
[Site "Sypniewo"]
[Date "2022.03.27"]
[Round "9.5"]
[White "Adamczyk, Zuzanna"]
[Black "Hertlein, Irena"]
[Result "1/2-1/2"]
[BlackElo "1925"]
[WhiteElo "1889"]
[LiveChessVersion "1.4.8"]

1. d4 {[%clk 1:30:31]} Nf6 {[%clk 1:30:53]} 2. c4 {[%clk 1:30:15]} e6
{[%clk 1:31:08]} 3. Nf3 {[%clk 1:30:28]} d5 {[%clk 1:30:50]} 4. g3
{[%clk 1:30:29]} dxc4 {[%clk 1:30:21]} 5. Bg2 {[%clk 1:30:41]} Nc6
{[%clk 1:30:23]} 6. Qa4 {[%clk 1:30:43]} Bb4+ {[%clk 1:30:12]} 7. Bd2
{[%clk 1:29:28]} Nd5 {[%clk 1:30:04]} 8. Qb5 {[%clk 1:20:20]} Bxd2+
{[%clk 1:21:50]} 9. Nbxd2 {[%clk 1:09:51]} c3 {[%clk 1:16:48]} 10. bxc3
{[%clk 1:07:18]} Nxc3 {[%clk 1:17:00]} 11. Qb2 {[%clk 1:03:00]} Na4
{[%clk 1:10:31]} 12. Qb5 {[%clk 1:01:18]} Nc3 {[%clk 1:08:57]} 13. Qb2
{[%clk 1:01:27]} Nd5 {[%clk 1:00:50]} 14. e4 {[%clk 0:56:37]} Nf6
{[%clk 1:01:04]} 15. O-O {[%clk 0:55:59]} O-O {[%clk 1:01:18]} 16. Rfe1
{[%clk 0:48:46]} a5 {[%clk 0:57:05]} 17. a3 {[%clk 0:42:55]} Rb8 {[%clk 0:47:37]}
18. Rac1 {[%clk 0:35:22]} Ne7 {[%clk 0:37:56]} 19. Ne5 {[%clk 0:22:50]} Nd7
{[%clk 0:30:19]} 20. Nxd7 {[%clk 0:07:08]} Bxd7 {[%clk 0:30:30]} 21. d5
{[%clk 0:03:48]} exd5 {[%clk 0:24:25]} 22. exd5 {[%clk 0:04:00]} Nf5
{[%clk 0:15:54]} 23. Nc4 {[%clk 0:02:52]} b6 {[%clk 0:10:56]} 24. Ne5
{[%clk 0:02:59]} Nd6 {[%clk 0:09:59]} 25. Qc2 {[%clk 0:02:32]} Rc8
{[%clk 0:09:55]} 26. h4 {[%clk 0:00:55]} Nb7 {[%clk 0:08:16]} 27. Nxd7
{[%clk 0:00:55]} Qxd7 {[%clk 0:08:39]} 28. Qc6 {[%clk 0:01:07]} Qxc6
{[%clk 0:07:33]} 29. Rxc6 {[%clk 0:01:35]} Nd8 {[%clk 0:04:37]} 30. Rc2
{[%clk 0:01:30]} Nb7 {[%clk 0:04:34]} 31. Bh3 {[%clk 0:01:18]} f5
{[%clk 0:04:58]} 32. Rc6 {[%clk 0:01:08]} Nd8 {[%clk 0:04:03]} 33. Rc3
{[%clk 0:01:21]} Nb7 {[%clk 0:02:53]} 34. Re6 {[%clk 0:01:06]} Nc5
{[%clk 0:01:38]} 35. Rc6 {[%clk 0:00:55]} Rf6 {[%clk 0:00:37]} 36. Rxf6
{[%clk 0:00:42]} gxf6 {[%clk 0:01:05]} 37. Bxf5 {[%clk 0:01:05]} Re8
{[%clk 0:01:30]} 38. Re3 {[%clk 0:00:53]} Rxe3 {[%clk 0:01:47]} 39. fxe3
{[%clk 0:01:18]} b5 {[%clk 0:01:01]} 40. Kf2 {[%clk 0:31:26]} h6 {[%clk 0:31:10]}
41. Kf3 {[%clk 0:20:45]} b4 {[%clk 0:28:17]} 42. axb4 {[%clk 0:21:03]} axb4
{[%clk 0:28:45]} 43. Bb1 {[%clk 0:14:29]} Kf7 {[%clk 0:25:46]} 44. e4
{[%clk 0:13:47]} Ke7 {[%clk 0:23:05]} 45. Kf4 {[%clk 0:11:35]} Nb3
{[%clk 0:13:13]} 46. Bc2 {[%clk 0:08:38]} Nd4 {[%clk 0:07:26]} 47. Bd3
{[%clk 0:07:47]} Kd6 {[%clk 0:04:12]} 48. Kg4 {[%clk 0:04:24]} b3
{[%clk 0:02:50]} 49. Kh5 {[%clk 0:04:33]} Ke7 {[%clk 0:02:53]} 50. Kxh6
{[%clk 0:03:48]} Kf7 {[%clk 0:03:22]} 51. e5 {[%clk 0:03:14]} fxe5
{[%clk 0:03:37]} 52. Kg5 {[%clk 0:03:33]} b2 {[%clk 0:03:08]} 53. h5
{[%clk 0:03:37]} Ne2 {[%clk 0:00:52]} 54. Kf5 {[%clk 0:01:07]} Nxg3+
{[%clk 0:00:47]} 55. Kxe5 {[%clk 0:01:29]} Nxh5 {[%clk 0:01:05]} 56. Kd4
{[%clk 0:01:35]} Nf4 {[%clk 0:01:12]} 57. Bb1 {[%clk 0:01:14]} Ke7
{[%clk 0:01:00]} 58. Ke4 {[%clk 0:00:59]} Ne2 {[%clk 0:00:57]} 59. Kd3
{[%clk 0:01:18]} Ng3 {[%clk 0:01:04]} 60. Kc2 {[%clk 0:01:22]} Kd6
{[%clk 0:01:20]} 61. Ba2 {[%clk 0:01:30]} Ne2 {[%clk 0:01:19]} 62. Kxb2
{[%clk 0:01:28]} Nf4 {[%clk 0:01:45]} 63. Kc3 {[%clk 0:01:44]} Kc5
{[%clk 0:01:54]} 64. d6 {[%clk 0:01:30]} cxd6 {[%clk 0:02:17]} 65. Bg8
{[%clk 0:01:43]} Ng6 {[%clk 0:01:32]} 66. Kd3 {[%clk 0:01:53]} Ne5+
{[%clk 0:01:52]} 67. Kc3 {[%clk 0:02:09]} Ng6 {[%clk 0:01:21]} 1/2-1/2